Znižovanie hodnoty dlhodobého nehmotného majetku podľa právnej úpravy v SR bakalárska práca

Salvato in:
Dettagli Bibliografici
Autore principale: Malá, Miriama
Ente Autore: Fakulta hospodárskej informatiky EU. Katedra účtovníctva a audítorstva
Altri autori: Turská, Eva
Natura: Libro
Lingua:slovacco
Pubblicazione: Bratislava 2011
Tags: Aggiungi Tag
Nessun Tag, puoi essere il primo ad aggiungerne!!

MARC

LEADER 00000nbm a2200000 4500
001 0141258
005 20161109111745.6
041 0 |a slo 
044 |a SK 
245 1 0 |a Znižovanie hodnoty dlhodobého nehmotného majetku podľa právnej úpravy v SR  |b bakalárska práca  |c Miriama Malá ; školiteľ: Eva Turská 
264 1 |a Bratislava  |c 2011 
300 |a 45 s. 
100 1 |a Malá, Miriama 
700 1 |a Turská, Eva 
710 2 |a Fakulta hospodárskej informatiky EU. Katedra účtovníctva a audítorstva